01641nab a2200229 i 4500001001000000003001100010005001700021008004100038040003000079041000800109100003600117245006700153520087800220546002301098650001701121650004301138650002601181773013101207942000701338945004901345999001701394768714001 CO-MdFUSB20240626090639.0240626t1994 us ||||| |||| 00| 0 eng d bspacCO-MdFUSBdCO-MdFUSB aeng aSteffen, Tom A., d1947-eautor aSelecting a church planting model that worksc/ Tom A. Steffen aA diferencia de hace una década, ahora existe una gran cantidad de modelos de plantación de iglesias entre los cuales los plantadores de iglesias pueden elegir. Continúan saliendo nuevos modelos de las imprentas. Si bien la multiplicación de modelos proporciona nuevas y valiosas ideas sobre la ambigua tarea de plantar iglesias, también crea un nuevo dilema. ¿Cómo pueden los plantadores de iglesias seleccionar o diseñar un modelo de plantación de iglesias que coincida con un grupo étnico específico? Este artículo critica seis modelos de plantación de iglesias, investiga cómo la filosofía y la visión personal del plantador de iglesias impactan dicha selección y proporciona un modelo bidimensional para mostrar cómo explorar las opciones y elaborar un modelo efectivo de plantación de iglesias para un grupo étnico específico. aTexto en inglés. 7aIglesia9655 7aAntropología cultural y social96714 0aEvangelización93620 049486961123d PasadenaoR0891tMissiology:w(CO-MdFUSB)97gVolumen 22, (número 3, 1994) páginas: 361 - 376qpágina: 361 cCR aCatherine Arias Álvarez - Practicante SENA c70348d70348